ARRUPE JESUIT UNIVERSITY

CORONAVIRUS -STOP THE SPREAD - CLEAN,DISINFECT,COVER

Mukai-Vukani (Record no. 130614)

MARC details
000 -LEADER
fixed length control field 00460nam a22001817a 4500
003 - CONTROL NUMBER IDENTIFIER
control field ARRUPE
005 - DATE AND TIME OF LATEST TRANSACTION
control field 20210506150218.0
008 - FIXED-LENGTH DATA ELEMENTS--GENERAL INFORMATION
fixed length control field 210506b ||||| |||| 00| 0 eng d
010 ## - LIBRARY OF CONGRESS CONTROL NUMBER
LC control number PER
040 ## - CATALOGING SOURCE
Transcribing agency ARRUPE
050 ## - LIBRARY OF CONGRESS CALL NUMBER
Classification number PERIOCAL SECTION
245 ## - TITLE STATEMENT
Title Mukai-Vukani
260 ## - PUBLICATION, DISTRIBUTION, ETC. (IMPRINT)
Place of publication, distribution, etc Harare
Name of publisher, distributor, etc Jesuit Communications
Date of publication, distribution, etc 2019
300 ## - PHYSICAL DESCRIPTION
Extent 27p.
440 ## - SERIES STATEMENT/ADDED ENTRY--TITLE
Title Mukai-Vukani
Number of part/section of a work No.75
9 (RLIN) 50153
500 ## - GENERAL NOTE
General note Magazine for Jesuits and Friends
942 ## - ADDED ENTRY ELEMENTS (KOHA)
Source of classification or shelving scheme Library of Congress Classification
Koha item type PER
Holdings
Withdrawn status Lost status Source of classification or shelving scheme Damaged status Not for loan Home library Current library Shelving location Date acquired Total Checkouts Full call number Date last seen Price effective from Koha item type
    Library of Congress Classification   Not For Loan ARRUPE LIBRARY ARRUPE LIBRARY Main Collection 19/05/2021   PERIOCAL SECTION 19/05/2021 19/05/2021 PER

 

Arrupe Library. PO Box MP320 Mt Pleasant, Harare, Zimbabwe
263 242 745411|librarian@aju.ac.zw